Daripada sains Yunani kepada sains Islam : (Record no. 2366)

000 -LEADER
fixed length control field nam a22 a 4500
003 - CONTROL NUMBER IDENTIFIER
control field AKMAL
005 - DATE AND TIME OF LATEST TRANSACTION
control field 20170516112130.0
008 - FIXED-LENGTH DATA ELEMENTS--GENERAL INFORMATION
fixed length control field 170516s1992 my a00 may d
020 ## - INTERNATIONAL STANDARD BOOK NUMBER
International Standard Book Number 9679940438 (kkt.) :
Terms of availability RM30.00
040 ## - CATALOGING SOURCE
Original cataloging agency AKMAL
Transcribing agency AKMAL
082 04 - DEWEY DECIMAL CLASSIFICATION NUMBER
Classification number 500 MAI
090 ## - LOCALLY ASSIGNED LC-TYPE CALL NUMBER (OCLC); LOCAL CALL NUMBER (RLIN)
Classification number (OCLC) (R) ; Classification number, CALL (RLIN) (NR) 500
Local cutter number (OCLC) ; Book number/undivided call number, CALL (RLIN) MAI
100 ## - MAIN ENTRY--PERSONAL NAME
Personal name Hairudin Harun
9 (RLIN) 4919
245 10 - TITLE STATEMENT
Title Daripada sains Yunani kepada sains Islam :
Remainder of title peranan dan proses penyerapan sains asing dalam pembentukan sains Islam klasikal /
Statement of responsibility, etc. Hairudin Harun
260 ## - PUBLICATION, DISTRIBUTION, ETC.
Place of publication, distribution, etc. Kuala Lumpur :
Name of publisher, distributor, etc. Penerbit Univeriti Malaya,
Date of publication, distribution, etc. 2004
300 ## - PHYSICAL DESCRIPTION
Extent xxiii, 270ms. :
Other physical details il. ;
Dimensions 24cm
500 ## - GENERAL NOTE
General note Mengandungi ayat-ayat dari al-Quran
504 ## - BIBLIOGRAPHY, ETC. NOTE
Bibliography, etc. note Mengandungi rujukan bibliografi
505 0# - FORMATTED CONTENTS NOTE
Formatted contents note Mengandungi indeks
521 ## - TARGET AUDIENCE NOTE
Target audience note Peringkat pembaca : Dewasa
650 ## - SUBJECT ADDED ENTRY--TOPICAL TERM
Topical term or geographic name entry element Islam and science
9 (RLIN) 152
650 ## - SUBJECT ADDED ENTRY--TOPICAL TERM
Topical term or geographic name entry element Science
General subdivision History
9 (RLIN) 4909
650 ## - SUBJECT ADDED ENTRY--TOPICAL TERM
Topical term or geographic name entry element Science
General subdivision Philosophy
9 (RLIN) 4920
942 ## - ADDED ENTRY ELEMENTS (KOHA)
Source of classification or shelving scheme
Koha item type Book
Holdings
Withdrawn status Lost status Source of classification or shelving scheme Damaged status Not for loan Collection code Home library Current library Shelving location Date acquired Inventory number Total Checkouts Full call number Barcode Date last seen Price effective from Koha item type
          NON-FICTION AKMAL Melaka AKMAL Melaka PINJAMAN 16.05.2017 500434   500 MAI 201706788 16.05.2017 16.05.2017 Book
Pusat Sumber Maklumat Dato' Haji Sarmin Md Hussin, Akademi Kastam Diraja Malaysia, Melaka
Tel: 06-2331106 | Faks: 06-2313787